000 02468cas a2200613 a 4500
001 11285254
003 OSt
005 20230623081111.0
008 830504d19811992oncar s0 a0eng
010 _a 84643258
_zcn 83080894
_zcn 92031564
015 _a830808949
_2can
015 _aC 830808949
016 7 _a011742387
_2Uk
016 _a(AMICUS)000003692361
022 0 _a0715-7118
_l0715-7118
_z1191-2359
_24
035 _a(OCoLC)ocm09475999
040 _aNLC
_beng
_cNLC
_dDLC
_dEYM
_dNLC
_dNST
_dCOO
_dHUL
_dHLS
_dOCL
_dOCLCQ
_dUKMGB
_dOCLCF
_dOCLCO
_dOCL
_dCNUTO
_dOCLCQ
_dOCLCA
_dOCLCQ
_dQE2
_dOCLCO
042 _anlc
_aisds/c
_apcc
043 _an-cn---
050 0 0 _aJL179
_b.C362
055 0 1 _aJL73
055 0 0 _aJL73
_bC36 fol.
082 0 4 _a328.71/076
_219
_b10001146
210 0 _aCan. legis.
222 0 _aCanadian legislatures
245 0 0 _aCanadian legislatures.
260 _aToronto :
_bOffice of the Assembly,
_c[1980]-©1992.
300 _avolumes :
_billustrations ;
_c24-30 cm
310 _aAnnual
336 _atext
_btxt
_2rdacontent
337 _aunmediated
_bn
_2rdamedia
338 _avolume
_bnc
_2rdacarrier
362 0 _a1981-1992.
515 _aSuspended 1988-1991.
550 _aImprint varies: 1987/1988, Ampersand Communications Services; 1992, Global Press.
590 _aSERBIB/SERLOC merged record
650 0 _aLegislative bodies
_zCanada
_xProvinces
_vPeriodicals.
650 5 _aProvincial governments
_zCanada
_vPeriodicals.
650 7 _aLegislative bodies
_xCanadian provinces.
_2fast
_0(OCoLC)fst00995697
650 6 _aParlements
_zCanada
_zProvinces
_xPřiodiques.
651 6 _aCanada
_xPolitique et gouvernement
_xPřiodiques.
655 7 _aPeriodicals.
_2fast
_0(OCoLC)fst01411641
710 1 _aOntario.
_bOffice of the Assembly.
780 0 0 _tComparative study of administrative structures of Canadian legislatures
_x0715-7843
_w(CaOONL)830808957
_w(OCoLC)9476009
886 2 _2canmarc
_a910
_b10
_zEstablished Dec. 20, 1974
886 2 _2canmarc
_a910
_b10
_aOntario.
_bLegislative Assembly.
_bOffice of the Assembly
886 2 _2canmarc
_a910
_b10
_aOntario.
_bOffice of the Legislative Assembly
886 2 _2canmarc
_a990
_b20
_a71001ab
_b91001z
886 2 _2canmarc
_a990
_b10
_a91002abb
_b71001ab
886 2 _2canmarc
_a990
_b10
_a91003ab
_b71001ab
906 _a7
_bcbc
_cserials
_d2
_encip
_f19
_gn-oclcserc
942 _2ddc
_cBK
999 _c2377
_d2377